000 00549nam a2200181Ia 4500
008 090124s9999 xx 000 0 und d
082 _b27810
100 _aकापसे सौ. स्मिता
245 _a रामायणीय
250 _a1
260 _bआरती प्रकाशन
_c1989
300 _a124
600 _aकापसे सौ. स्मिता
630 _a रामायणीय
700 _aकापसे सौ. स्मिता
730 _a रामायणीय
942 _cBOOK
999 _c96164
_d96164